[Event "GRE-ch U16"]
[Site "Rio Achaia"]
[Date "2018.07.09"]
[Round "9"]
[White "Souretis, Athanasios"]
[Black "Kefalas, Sotirios"]
[Result "1/2-1/2"]
[WhiteElo "1222"]
[BlackElo "1335"]
[PlyCount "76"]
[EventDate "2018.07.03"]
[EventType "swiss"]
[EventRounds "9"]
[EventCountry "GRE"]
[SourceTitle "EXT 2019"]
[Source "ChessBase"]
[SourceDate "2018.10.10"]
[SourceVersion "1"]
[SourceVersionDate "2018.10.10"]
[SourceQuality "1"]

1. e4 c5 2. Nc3 Nc6 3. g3 g6 4. Bg2 Bg7 5. d3 e6 6. Nge2 Nge7 7. 0-0 0-0 8. f4 d6 9. Be3 Nd4 10. Bf2 Nec6 11. Nxd4 Nxd4 12. Rb1 Rb8 13. Ne2 Nxe2+ 14. Qxe2 Qa5 15. a3 Qc7 16. Rfc1 b6 17. c3 Ba6 18. Qd2 Rbc8 19. d4 Rfd8 20. d5 e5 21. Be3 Qd7 22. fxe5 Bxe5 23. c4 b5 24. b3 bxc4 25. bxc4 Rb8 26. Bf1 Qa4 27. Qd3 Rb2 28. Bf4 Bd4+ 29. Be3 Rxb1 30. Rxb1 Bxe3+ 31. Qxe3 Bxc4 32. Bxc4 Qxc4 33. Rb7 Re8 34. Qf4 Qd4+ 35. Kf1 Qd3+ 36. Kf2 Qd4+ 37. Kf1 Qd3+ 38. Kf2 Qd4+ 1/2-1/2

[Event "GRE-ch U16"]
[Site "Rio Achaia"]
[Date "2018.07.06"]
[Round "5"]
[White "Papadopoulos, Dimitrios Ath"]
[Black "Kefalas, Sotirios"]
[Result "1/2-1/2"]
[WhiteElo "1609"]
[BlackElo "1335"]
[PlyCount "60"]
[EventDate "2018.07.03"]
[EventType "swiss"]
[EventRounds "9"]
[EventCountry "GRE"]
[SourceTitle "EXT 2019"]
[Source "ChessBase"]
[SourceDate "2018.10.10"]
[SourceVersion "1"]
[SourceVersionDate "2018.10.10"]
[SourceQuality "1"]

1. d4 d5 2. Nf3 Nf6 3. c4 e6 4. g3 Bb4+ 5. Bd2 Bd6 6. Bg2 c6 7. b3 0-0 8. Nc3 Nbd7 9. 0-0 Re8 10. Qc2 e5 11. dxe5 Nxe5 12. cxd5 cxd5 13. Bg5 Be6 14. Nb5 Nxf3+ 15. Bxf3 Be5 16. Rad1 h6 17. Bxf6 Bxf6 18. Qd2 Qb6 19. Nd4 Red8 20. Bg2 Rac8 21. e3 Be7 22. Rc1 Ba3 23. Rc2 Rxc2 24. Nxc2 Bb2 25. Nb4 Qc5 26. Nxd5 Bxd5 27. Qxb2 Bxg2 28. Kxg2 b6 29. Qc1 Qd5+ 30. f3 g6 1/2-1/2

[Event "GRE-ch Schools Gymnasia-C 30th"]
[Site "Peristeri"]
[Date "2018.04.02"]
[Round "9"]
[White "Tsotras, Ioannis"]
[Black "Kefalas, Sotirios"]
[Result "1-0"]
[WhiteElo "1601"]
[BlackElo "1402"]
[PlyCount "41"]
[EventDate "2018.04.01"]
[EventType "swiss (rapid)"]
[EventRounds "9"]
[EventCountry "GRE"]
[SourceTitle "EXT 2019"]
[Source "ChessBase"]
[SourceDate "2018.10.10"]
[SourceVersion "1"]
[SourceVersionDate "2018.10.10"]
[SourceQuality "1"]

1. e4 c5 2. Nc3 Nc6 3. Bb5 Nd4 4. Bc4 d6 5. Nf3 Nxf3+ 6. Qxf3 Nf6 7. 0-0 e6 8. d3 g6 9. Bg5 Bg7 10. e5 dxe5 11. Ne4 Qb6 12. Bxf6 Bxf6 13. Qxf6 0-0 14. Qxe5 f6 15. Nxf6+ Kf7 16. Nxh7 Rd8 17. Qf6+ Ke8 18. Qxg6+ Ke7 19. Qg7+ Kd6 20. Ng5 Bd7 21. Nf7+ 1-0

[Event "GRE-ch U14"]
[Site "Porto Rio"]
[Date "2016.07.04"]
[Round "9"]
[White "Kefalas, Sotirios"]
[Black "Apergis, Iosif"]
[Result "1/2-1/2"]
[WhiteElo "1438"]
[BlackElo "1241"]
[PlyCount "85"]
[EventDate "2016.06.28"]
[EventType "swiss"]
[EventRounds "9"]
[EventCountry "GRE"]
[SourceTitle "CBM 173 Extra"]
[Source "ChessBase"]
[SourceDate "2016.08.29"]
[SourceVersion "1"]
[SourceVersionDate "2016.08.29"]
[SourceQuality "1"]

1. e4 e5 2. Nf3 Nc6 3. d4 exd4 4. Nxd4 Bc5 5. Nb3 Bb6 6. Nc3 Nge7 7. Qe2 0-0 8. Be3 f5 9. f3 Bxe3 10. Qxe3 fxe4 11. Nxe4 Nf5 12. Qf2 d5 13. 0-0-0 Nd6 14. Nxd6 Qxd6 15. Kb1 Bf5 16. Bd3 Bxd3 17. Rxd3 Ne5 18. Rdd1 b6 19. Rdg1 Rae8 20. Nd2 Ng4 21. Qd4 Ne3 22. g4 Qc6 23. Rc1 Nc4 24. Rcf1 Ne3 25. Rc1 Nc4 26. Rhf1 Nxd2+ 27. Qxd2 Re7 28. Rf2 Qe6 29. a3 c6 30. Rcf1 Qe3 31. Kc1 Qxd2+ 32. Kxd2 Rf4 33. Rg1 g5 34. h4 h6 35. Rh1 Rh7 36. h5 Rhf7 37. Ke3 Re7+ 38. Kd2 Ref7 39. Rhf1 Kf8 40. b3 Ke8 41. Ke3 Re7+ 42. Kd2 Ref7 43. Ke3 1/2-1/2

[Event "GRE-ch U14"]
[Site "Porto Rio"]
[Date "2016.06.29"]
[Round "3"]
[White "Kefalas, Sotirios"]
[Black "Pelantakis, Mihail"]
[Result "1-0"]
[WhiteElo "1438"]
[BlackElo "1648"]
[PlyCount "55"]
[EventDate "2016.06.28"]
[EventType "swiss"]
[EventRounds "9"]
[EventCountry "GRE"]
[SourceTitle "CBM 173 Extra"]
[Source "ChessBase"]
[SourceDate "2016.08.29"]
[SourceVersion "1"]
[SourceVersionDate "2016.08.29"]
[SourceQuality "1"]

1. e4 c5 2. Nf3 e6 3. g3 Nc6 4. Bg2 g6 5. 0-0 Bg7 6. c3 d6 7. Qe2 Nge7 8. Rd1 e5 9. d3 0-0 10. Be3 Bg4 11. Nbd2 a6 12. h3 Bd7 13. Nb3 b5 14. d4 c4 15. Nbd2 Qc7 16. dxe5 dxe5 17. Bc5 Rfd8 18. b3 Nc8 19. bxc4 Na5 20. Qe3 bxc4 21. Bb4 Ba4 22. Bxa5 Qxa5 23. Nxc4 Rxd1+ 24. Rxd1 Qc7 25. Rd2 Qxc4 26. Rd8+ Bf8 27. Qh6 Qc5 28. Ng5 1-0

[Event "GRE-ch U14"]
[Site "Porto Rio"]
[Date "2016.06.28"]
[Round "1"]
[White "Kefalas, Sotirios"]
[Black "Alexakis, Dimitris"]
[Result "0-1"]
[WhiteElo "1438"]
[BlackElo "1974"]
[PlyCount "56"]
[EventDate "2016.06.28"]
[EventType "swiss"]
[EventRounds "9"]
[EventCountry "GRE"]
[SourceTitle "CBM 173 Extra"]
[Source "ChessBase"]
[SourceDate "2016.08.29"]
[SourceVersion "1"]
[SourceVersionDate "2016.08.29"]
[SourceQuality "1"]

1. e4 c5 2. Nf3 Nc6 3. d4 cxd4 4. Nxd4 g6 5. c4 Bg7 6. Be3 Nf6 7. Nc3 d6 8. Be2 0-0 9. 0-0 Bd7 10. Qd2 Rc8 11. b3 a6 12. a4 Ne8 13. Rac1 e6 14. f4 f5 15. exf5 gxf5 16. Bf3 Kh8 17. Bxc6 bxc6 18. Nf3 Rb8 19. Rb1 c5 20. Rfd1 Qa5 21. Ne2 Qxd2 22. Rxd2 Bxa4 23. Nc1 Bc6 24. Rf2 Be4 25. Nd3 Bxd3 26. Rd1 Rxb3 27. Nd2 Ra3 28. Rf3 Be2 0-1